Statistics for Arizona Coyotes Captains

Click here to take the quiz!

General Stats

  • This quiz has been taken 8 times
  • The average score is 5 of 17

Answer Stats

Years Answer % Correct
2004-17Shane Doan
100%
1985-90Dale Hawerchuk
75%
1997-01Keith Tkachuk
63%
1994-95Keith Tkachuk
63%
2019-CurrentOliver Ekman-Larsson
63%
2002-03Teppo Numminen
50%
1990-91Randy Carlyle
25%
1984Randy Carlyle
25%
1990-91Thomas Steen
13%
1982-83Dave Christian
13%
1992-93Troy Murray
13%
1981Morris Lukowich
13%
1983-84Lucien DeBlois
0%
1986Mario Marois
0%
1980Lars-Erik Sjoberg
0%
1993-94Dean Kennedy
0%
1996Kris King
0%

Score Distribution

Percentile by Number Answered

Percent of People with Each Score

Your Score History

You have not taken this quiz